| 000 | 00575nam a2200169 i 4500 | ||
|---|---|---|---|
| 001 | 72810 | ||
| 003 | ES-MaACL | ||
| 007 | t| | ||
| 008 | 040903s1981 ag ||||1| spa d | ||
| 100 | 1 |
_aGoffman, Erving. _957590 |
|
| 245 | 1 | 3 |
_aLa presentación de la persona en la vida cotidiana / _cErving Goffman ; [traducción, Hildegarde B. Torres Perrén y Flora Setaro]. |
| 260 |
_aBuenos Aires : _bAmorrortu, _c[1981] |
||
| 300 |
_a272 p. ; _c19 cm. |
||
| 700 | 1 |
_aTorres Perrén, Hildegarde B. _9110998 |
|
| 700 | 1 |
_aSetaro, Flora. _9105892 |
|
| 852 |
_aES-MaACL _jL-6435 _bR.107109 |
||
| 999 |
_c72810 _d72810 |
||